Návrh spojitých a diskrétnych regulátorov na základe znalosti matematického modelu

Salvato in:
Dettagli Bibliografici
Autore principale: Bartalová, Eva (Autore)
Altri autori: Hypiusová, Mária (Relatore della tesi)
Natura: Manoscritto Libro
Lingua:slovacco
Pubblicazione: 2015
Soggetti:
Accesso online:http://is.stuba.sk/zp/portal_zp.pl?podrobnosti=102717
Tags: Aggiungi Tag
Nessun Tag, puoi essere il primo ad aggiungerne!!

MARC

LEADER 00000ntm a22000003a 4500
001 stuzp49195
003 SK-STU
005 20160719153226.5
007 ta
008 150427s2015----xo-----f-mn---000-0-slo-d
040 |a STU  |b slo 
041 0 |a slo 
100 1 |a Bartalová, Eva  |u 035000  |4 aut  |U FEI Fakulta elektrotechniky a informatiky  |T FEI Ústav informatiky a matematiky  |X 70128  |U E050  |Y 816  |7 70128 
242 0 1 |a Continuous and discrete controllers design based on mathematical model  |y eng 
245 1 0 |a Návrh spojitých a diskrétnych regulátorov na základe znalosti matematického modelu 
260 |c 2015 
300 |a 67 s., príl.  |b CD-ROM 
650 4 |a spojitý a diskrétny regulačný obvod  |2 slo 
650 4 |a regulátor  |2 slo 
650 4 |a kvalita regulačných obvodov  |2 slo 
650 4 |a Controller  |2 eng 
650 4 |a performance of control circuits  |2 eng 
650 4 |a continuous and discrete closed-loop system  |2 eng 
700 1 |a Hypiusová, Mária  |4 ths  |X 4949  |7 A000004949 
856 4 |u http://is.stuba.sk/zp/portal_zp.pl?podrobnosti=102717 
996 |b 284ER01683  |c E*Bc- 1683  |l EE31  |s P  |a 0  |w stuzp49195_0001 
SQL |a stuzp49195  |b DBP  |c SLO  |d Návrh spojitých a diskrétnych regulátorov na základe znalosti matematického modelu  |e 70128  |f Bartalová, Eva  |g 035000  |h 4949  |i Hypiusová, Mária  |j 20150706  |k 73  |l 03  |m http://is.stuba.sk/zp/portal_zp.pl?podrobnosti=102717  |n B-API  |o 9.2.9. aplikovaná informatika